Normal view
MARC view
Entry Personal Name
001 - CONTROL NUMBER
- control field: 18314
003 - CONTROL NUMBER IDENTIFIER
- control field: HDC
005 - DATE AND TIME OF LATEST TRANSACTION
- control field: 20230624073529.0
008 - FIXED-LENGTH DATA ELEMENTS
- fixed length control field: 210304|| aca||aabn | a|a d
040 ## - CATALOGING SOURCE
- Original cataloging agency: HDC
- Transcribing agency: HDC
100 ## - HEADING--PERSONAL NAME
- Personal name: Sahib Mustaqim Bleher
670 ## - SOURCE DATA FOUND
- Source citation: Work cat.: (HDC): Sahib Mustaqim Bleher author, The Halal Slaughter Controversy / by, 2007
